书目信息 |
| 题名: |
苏轼评传
|
|
| 作者: | 曾枣庄, 著 | |
| 分册: | ||
| 出版信息: | 成都 巴蜀书社 2018 |
|
| 页数: | 290页 | |
| 开本: | 25cm | |
| 丛书名: | 曾枣庄三苏研究丛刊 | |
| 单 册: | ||
| 中图分类: | K825.6=441 | |
| 科图分类: | ||
| 主题词: | 作家--zuo jia--评传--中国--宋代 | |
| 电子资源: | ||
| ISBN: | 978-7-5531-0897-1 | |
| 000 | 01230cam 2200289 45 | |
| 001 | 012001009194 | |
| 005 | 20140101152344.0 | |
| 010 | @a978-7-5531-0897-1@b精装@dCNY98.00 | |
| 099 | @aCAL 012018036437 | |
| 100 | @a20180308d2018 em y0chiy50 ea | |
| 101 | 0 | @achi |
| 102 | @aCN@b510000 | |
| 105 | @ay z 000yb | |
| 106 | @ar | |
| 200 | 1 | @a苏轼评传@Asu shi ping zhuan@f曾枣庄著 |
| 210 | @a成都@c巴蜀书社@d2018 | |
| 215 | @a 290页@d25cm | |
| 225 | 2 | @a曾枣庄三苏研究丛刊@Azeng zao zhuang san su yan jiu cong kan |
| 300 | @a首批四川历史名人文化研究中心四川大学“苏轼研究中心”重点项目 成都文理学院重点项目 | |
| 330 | @a此书是曾枣庄先生为苏轼鸣不平而写。作者认为苏轼一生不仅在文学的各个领域颇富革新精神, 而且在政治上也从来没有放弃过他的“丰财”、“强兵”、“择吏”的革新主张, 并在他力所能及的范围内, 为宋王朝的“丰财”、“强兵”、“择吏”, 为巩固宋王朝的统治作了不少工作。他一生光明磊落, 直言敢谏, 始终坚持自己的政治主张。 | |
| 410 | 0 | @12001 @a曾枣庄三苏研究丛刊 |
| 600 | 0 | @a苏轼,@Asu shi@f1036-1101@x评传 |
| 606 | 0 | @a作家@Azuo jia@x评传@y中国@z宋代 |
| 690 | @aK825.6=441@v5 | |
| 701 | 0 | @a曾枣庄,@Azeng zao zhuang@f1937-@4著 |
| 801 | 2 | @aCN@b上海新华@c20191020 |
| 905 | @b1187277-80@dK825.6=441@e1272@f4 | |
| 苏轼评传/曾枣庄著.-成都:巴蜀书社,2018 |
| 290页;25cm.-(曾枣庄三苏研究丛刊) |
| 首批四川历史名人文化研究中心四川大学“苏轼研究中心”重点项目 成都文理学院重点项目 |
| ISBN 978-7-5531-0897-1(精装):CNY98.00 |
| 此书是曾枣庄先生为苏轼鸣不平而写。作者认为苏轼一生不仅在文学的各个领域颇富革新精神, 而且在政治上也从来没有放弃过他的“丰财”、“强兵”、“择吏”的革新主张, 并在他力所能及的范围内, 为宋王朝的“丰财”、“强兵”、“择吏”, 为巩固宋王朝的统治作了不少工作。他一生光明磊落, 直言敢谏, 始终坚持自己的政治主张。 |
| ● |
| 相关链接 |
|
|
|
|
正题名:苏轼评传
索取号:K825.6=441/1272
 
预约/预借
| 序号 | 登录号 | 条形码 | 馆藏地/架位号 | 状态 | 备注 |
| 1 | 1187277 | 211872776 | 第二样本阅览室/ [索取号:K825.6=441/1272] | 在馆 | |
| 2 | 1187278 | 211872785 | 第二借阅区/ [索取号:K825.6=441/1272] | 在馆 | |
| 3 | 1187279 | 211872794 | 第二借阅区/ [索取号:K825.6=441/1272] | 在馆 | |
| 4 | 1187280 | 211872801 | 第二借阅区/ [索取号:K825.6=441/1272] | 在馆 |